书目信息 |
| 题名: |
肉禽蛋加工
|
|
| 作者: | 杨福义 编著 | |
| 分册: | ||
| 出版信息: | 重庆 重庆出版社 1988.7 |
|
| 页数: | 133页 | |
| 开本: | 19厘米 | |
| 丛书名: | 农副产品加工丛书 | |
| 单 册: | ||
| 中图分类: | TS251 | |
| 科图分类: | ||
| 主题词: | 肉制品--食品加工 , 蛋品加工 , 食品加工--蛋制品 | |
| 电子资源: | ||
| ISBN: | 7-5366-0312-6 | |
| 000 | 00749cam2 2200277 450 | |
| 001 | 0100280454 | |
| 005 | 20060519150712.0 | |
| 010 | @a7-5366-0312-6@dCNY0.95 | |
| 011 | @a7-5366-0312-6 | |
| 100 | @a19910304d1988 m y0chiy0110 ea | |
| 101 | 0 | @achi |
| 102 | @aCN@b510000 | |
| 105 | @ay z 000yy | |
| 106 | @ar | |
| 200 | 1 | @a肉禽蛋加工@9Rou Qin Dan Jia Gong @f杨福义等编著@b专著 |
| 210 | @a重庆@c重庆出版社@d1988.7 | |
| 215 | @a133页@d19厘米 | |
| 225 | 2 | @a农副产品加工丛书 |
| 410 | 0 | @12001 @a农副产品加工丛书 |
| 606 | 0 | @a肉制品@x食品加工 |
| 606 | 0 | @a蛋品加工 |
| 606 | 0 | @a食品加工@x蛋制品 |
| 690 | @aTS251@v1980 | |
| 701 | 0 | @a杨福义@9yang fu yi@4编著 |
| 801 | 0 | @aCN@bAiZhiMarc@c19910304 |
| 905 | @aBZT@dTS@e991@f2@sTS/991 | |
| 肉禽蛋加工/杨福义等编著.-重庆:重庆出版社,1988.7 |
| 133页;19厘米.-(农副产品加工丛书) |
| ISBN 7-5366-0312-6:CNY0.95 |
| ● |
| 相关链接 |
|
|
|
正题名:肉禽蛋加工
索取号:TS/991
 
预约/预借
| 序号 | 登录号 | 条形码 | 馆藏地/架位号 | 状态 | 备注 |
| 1 | 2000048195 | 2000048195 | 旧书回溯/ [索取号:TS/991] | 在馆 | |
| 2 | 2000102247 | 2000102247 | 旧书回溯/ [索取号:TS/991] | 在馆 |